[Event "Guernsey Open"]
[Site "Guernsey GCI"]
[Date "2008.10.25"]
[Round "?.7"]
[White "Blijlevens, Pim"]
[Black "Von Saldern, Ruediger"]
[Result "1-0"]
[WhiteElo "1849"]
[BlackElo "2057"]
[PlyCount "87"]
[EventDate "2008.10.19"]
[SourceDate "2006.10.28"]

1. d4 d5 2. c4 c6 3. Nf3 Nf6 4. Nc3 e6 5. Bg5 Be7 6. e3 O-O 7. cxd5 exd5 8. Bd3
Nbd7 9. Qc2 h6 10. Bh4 Re8 11. O-O Ne4 12. Bxe7 Qxe7 13. Rae1 Ndf6 14. Ne5 Nxc3
15. bxc3 Be6 16. h3 Rad8 17. f4 Qc7 18. g4 Bc8 19. g5 Nd7 20. gxh6 Nxe5 21.
Bh7+ Kh8 22. hxg7+ Kxg7 23. fxe5 Rh8 24. Bf5 Rdg8 25. Kh2 Kf8 26. Rf3 Ke8 27.
Ref1 Rg7 28. Qf2 Bxf5 29. Rxf5 Qd7 30. Qf3 Rgh7 31. Qg2 Rxh3+ 32. Qxh3 Rxh3+
33. Kxh3 Qe6 34. R1f4 Kd8 35. Kg2 Qg6+ 36. Kf2 Kc7 37. Rxf7+ Kb6 38. R7f6 Qc2+
39. Kg3 Qxc3 40. Rf3 Qe1+ 41. Kg4 Qg1+ 42. Kh5 Qh2+ 43. Kg6 Qxa2 44. e6 1-0

[Event "Guernsey Open"]
[Site "Guernsey GCI"]
[Date "2008.10.25"]
[Round "?.7"]
[White "Paardekam, Rene"]
[Black "Dijksterhuis, Rolf"]
[Result "1/2-1/2"]
[WhiteElo "1784"]
[BlackElo "2040"]
[PlyCount "25"]
[EventDate "2008.10.19"]
[SourceDate "2006.10.28"]

1. d4 d5 2. c4 c6 3. cxd5 cxd5 4. Nc3 Nf6 5. Nf3 e6 6. Bf4 Nc6 7. e3 a6 8. Rc1
Be7 9. Bd3 O-O 10. O-O Bd7 11. Ne5 Rc8 12. Qe2 b5 13. Nxc6 1/2-1/2

[Event "Guernsey Open"]
[Site "Guernsey GCI"]
[Date "2008.10.25"]
[Round "?.7"]
[White "Westerkamp, Bert"]
[Black "Guttridge, David"]
[Result "1/2-1/2"]
[WhiteElo "2070"]
[BlackElo "1992"]
[PlyCount "41"]
[EventDate "2008.10.19"]
[SourceDate "2006.10.28"]

1. d4 e6 2. Nf3 f5 3. g3 Nf6 4. Bg2 d5 5. O-O Bd6 6. b3 Qe7 7. c4 c6 8. Nc3
Nbd7 9. c5 Bc7 10. b4 Ne4 11. Qb3 Nxc3 12. Qxc3 Nf6 13. Bg5 a6 14. a4 Bd7 15.
Ne5 O-O 16. f4 Qe8 17. Bxf6 Rxf6 18. Rfb1 Rf8 19. e3 Bxe5 20. dxe5 Qe7 21. Bf1
1/2-1/2

[Event "Guernsey Open"]
[Site "Guernsey GCI"]
[Date "2008.10.25"]
[Round "?.7"]
[White "Burton, Ronnie"]
[Black "Goris Schouwstra, Adri"]
[Result "1/2-1/2"]
[WhiteElo "2052"]
[BlackElo "1943"]
[PlyCount "49"]
[EventDate "2008.10.19"]
[SourceDate "2006.10.28"]

1. c4 e6 2. g3 d5 3. cxd5 exd5 4. Bg2 Nf6 5. Nf3 Bd6 6. O-O O-O 7. Nc3 c6 8. d3
h6 9. e4 Bc7 10. e5 Nh7 11. d4 Be6 12. Be3 Nd7 13. Nh4 g5 14. Nf3 f6 {(=)} 15.
exf6 Nhxf6 16. h4 g4 17. Ne1 h5 18. Nd3 Bf5 19. Bh6 Rf7 20. Re1 Re7 21. Qd2 Nh7
22. Nf4 Ndf6 23. Rxe7 Qxe7 24. Re1 Qf7 25. a3 1/2-1/2

[Event "Guernsey Open"]
[Site "Guernsey GCI"]
[Date "2008.10.25"]
[Round "?.7"]
[White "Van de Griendt, Monique"]
[Black "Brookfield, Toby"]
[Result "1/2-1/2"]
[WhiteElo "2049"]
[BlackElo "1763"]
[PlyCount "46"]
[EventDate "2008.10.19"]
[SourceDate "2006.10.28"]

1. c4 f5 2. Nc3 Nf6 3. g3 e6 4. Bg2 Be7 5. Nf3 d6 6. d4 O-O 7. O-O Qe8 8. Qc2
Qg6 9. b3 Nc6 10. Bb2 Ne4 11. e3 Bf6 12. a3 Nxc3 13. Bxc3 e5 14. dxe5 dxe5 15.
Rad1 Be6 16. Rd2 Rad8 17. Rfd1 e4 18. Rxd8 Rxd8 19. Rxd8+ Bxd8 20. Ne5 Nxe5 21.
Bxe5 Qf7 22. Qc3 c5 23. Qd2 Qd7 1/2-1/2

[Event "Guernsey Open"]
[Site "Guernsey GCI"]
[Date "2008.10.25"]
[Round "?.7"]
[White "Downey, Keith A"]
[Black "Gravett, Alan D"]
[Result "1-0"]
[WhiteElo "1887"]
[BlackElo "1948"]
[PlyCount "35"]
[EventDate "2008.10.19"]
[SourceDate "2006.10.28"]

1. Nf3 Nf6 2. c4 c5 3. g3 g6 4. Bg2 Bg7 5. Nc3 O-O 6. O-O Nc6 7. Rb1 Rb8 8. a3
a6 9. b4 cxb4 10. axb4 b5 11. cxb5 axb5 12. d4 Qc7 13. Qd3 Na7 14. Bf4 d6 15.
Rfc1 Qd7 16. d5 Qf5 17. e4 Qh5 18. Ra1 1-0

[Event "Guernsey Open"]
[Site "Guernsey GCI"]
[Date "2008.10.25"]
[Round "?.7"]
[White "Reutimann, Hans Peter"]
[Black "Murray, John Stephen"]
[Result "1-0"]
[WhiteElo "1761"]
[BlackElo "2005"]
[PlyCount "77"]
[EventDate "2008.10.19"]
[SourceDate "2006.10.28"]

1. d4 Nf6 2. Nf3 e6 3. Bf4 c5 4. e3 Qb6 5. Nc3 Qxb2 6. Nb5 Na6 7. Rb1 Qxa2 8.
Ra1 Qb2 9. Rxa6 bxa6 10. Nc7+ Kd8 11. Nxa8 Qb4+ 12. Nd2 Nd5 13. Bg3 d6 14. Bd3
cxd4 15. exd4 Qb8 16. Qa1 Qxa8 17. O-O Qc6 18. c4 Nc7 19. d5 exd5 20. Bh4+ Kd7
21. Re1 h5 22. Qd4 Rh6 23. Bf5+ Ne6 24. cxd5 Qc5 25. dxe6+ fxe6 26. Qxc5 dxc5
27. Be4 Bd6 28. Bg5 Rh8 29. Nc4 Kc7 30. Rd1 Bxh2+ 31. Kxh2 Bb7 32. Bxb7 Kxb7
33. Rd7+ Kc6 34. Rxa7 Re8 35. Rxg7 e5 36. Ra7 Rg8 37. Be3 e4 38. Nd2 Kb5 39.
Rc7 1-0

[Event "Guernsey Open"]
[Site "Guernsey GCI"]
[Date "2008.10.25"]
[Round "?.7"]
[White "Ozanne, M."]
[Black "Badenhop, WEH."]
[Result "1-0"]
[WhiteElo "2042"]
[BlackElo "1900"]
[PlyCount "63"]
[EventDate "2008.10.19"]
[SourceDate "2006.10.28"]

1. e4 g6 2. d4 Bg7 3. Nc3 c6 4. Nf3 d5 5. h3 Nh6 6. Bf4 f6 7. exd5 cxd5 8. Nb5
Na6 9. c4 O-O 10. cxd5 Qxd5 11. Nc3 Qa5 12. Bc4+ Kh8 13. O-O e5 14. dxe5 fxe5
15. Bg5 Nc7 16. Qb3 Bxh3 17. Qxb7 Be6 18. Bxe6 Nxe6 19. Be7 Rfb8 20. Qe4 Nf5
21. Ba3 Rd8 22. Rfe1 Nc5 23. Bxc5 Qxc5 24. Nxe5 Re8 25. Nf7+ Kg8 26. Qb7 Bxc3
27. Ng5 Ne7 28. Qb3+ Nd5 29. bxc3 Rab8 30. Rxe8+ Rxe8 31. Rd1 Re5 32. Qb8+ 1-0

[Event "Guernsey Open"]
[Site "Guernsey GCI"]
[Date "2008.10.25"]
[Round "?.7"]
[White "Nicholson, J."]
[Black "Dennis, Nigel W"]
[Result "1/2-1/2"]
[WhiteElo "1877"]
[BlackElo "1978"]
[PlyCount "39"]
[EventDate "2008.10.19"]
[SourceDate "2006.10.28"]

1. e4 c5 2. Nf3 e6 3. c3 d5 4. e5 Nc6 5. d4 cxd4 6. cxd4 Bb4+ 7. Nc3 Nge7 8.
Bd3 Nf5 9. Be3 Nxe3 10. fxe3 Bd7 11. O-O a6 12. e4 Bxc3 13. bxc3 dxe4 14. Bxe4
Na5 15. d5 exd5 16. Bxd5 O-O 17. c4 Bc6 18. Rb1 Qe7 19. Bxc6 Nxc6 20. Qb3
1/2-1/2

[Event "Guernsey Open"]
[Site "Guernsey GCI"]
[Date "2008.10.25"]
[Round "?.7"]
[White "Viviani, Primo"]
[Black "De Graaf, Arnoud"]
[Result "1-0"]
[WhiteElo "1939"]
[BlackElo "1785"]
[PlyCount "69"]
[EventDate "2008.10.19"]
[SourceDate "2006.10.28"]

1. c4 Nf6 2. Nc3 g6 3. g3 Bg7 4. Bg2 O-O 5. Nf3 d6 6. d4 c6 7. O-O Nbd7 8. e4
e5 9. d5 cxd5 10. cxd5 Nc5 11. Re1 Bg4 12. h3 Bxf3 13. Qxf3 Qb6 14. b3 Rac8 15.
h4 Qa6 16. Bf1 Qa5 17. Bb2 a6 18. Bh3 Rc7 19. Qe2 b5 20. f3 b4 21. Nd1 Qb6 22.
Ne3 Ncxe4 23. fxe4 Nxe4 24. Kh2 f5 25. Nc4 Qa7 26. Bg2 Nf2 27. Rf1 Ng4+ 28. Kh3
Qc5 29. Rac1 Bh6 30. Rc2 e4 31. Bxe4 Re7 32. Ne5 Qb5 33. Bd3 Qe8 34. Nxg4 fxg4+
35. Qxg4 1-0

[Event "Guernsey Open"]
[Site "Guernsey GCI"]
[Date "2008.10.25"]
[Round "?.7"]
[White "Coenen, Albert"]
[Black "Ruigrok, Jacques"]
[Result "1/2-1/2"]
[WhiteElo "1918"]
[BlackElo "1801"]
[PlyCount "30"]
[EventDate "2008.10.19"]
[SourceDate "2006.10.28"]

1. d4 Nf6 2. c4 e6 3. Nc3 Bb4 4. Bd2 O-O 5. e3 d6 6. Nf3 Nc6 7. Qc2 e5 8. d5
Nb8 9. a3 Bxc3 10. Bxc3 Nbd7 11. b4 Re8 12. Be2 Nf8 13. h3 Ng6 14. O-O Qd7 15.
Rfd1 e4 1/2-1/2

[Event "Guernsey Open"]
[Site "Guernsey GCI"]
[Date "2008.10.25"]
[Round "?.7"]
[White "Wagner, Ghislain"]
[Black "Cummins, John M"]
[Result "1/2-1/2"]
[WhiteElo "1862"]
[BlackElo "1919"]
[PlyCount "136"]
[EventDate "2008.10.19"]
[SourceDate "2006.10.28"]

1. Nf3 Nf6 2. c4 c5 3. g3 b6 4. Bg2 Bb7 5. O-O e6 6. Nc3 Be7 7. Re1 d6 8. e4
Nbd7 9. d4 O-O 10. Qc2 cxd4 11. Nxd4 Qc8 12. b3 Re8 13. Bb2 Bf8 14. Rac1 Ne5
15. Red1 Rd8 16. Nde2 Qb8 17. Rd2 a6 18. a4 Ra7 19. Rcd1 Ba8 20. Nf4 Rad7 21.
Nd3 Nc6 22. Ne2 e5 23. Ba3 Be7 24. Nc3 Nd4 25. Qb1 Ne8 26. Nb4 Nc7 27. Nc2 Nce6
28. Ne2 Nc6 29. Bb2 Qc7 30. Nc3 Bg5 31. Nd5 Qb8 32. Rd3 Nc5 33. Rc3 Ne7 34. Bc1
Bxc1 35. Rxc1 Bxd5 36. cxd5 f5 37. f3 fxe4 38. fxe4 Kh8 39. Qa2 Ng8 40. b4 Nb7
41. Ne1 Qa7 42. Qf2 a5 43. b5 Nc5 44. Rc4 Rf7 45. Qe3 Nf6 46. h3 Rdf8 47. Nd3
Nfd7 48. Ne1 Qb8 49. Nf3 h6 50. Rf1 Kh7 51. Nh4 Rxf1+ 52. Bxf1 Rf6 53. Bg2 Qf8
54. Nf5 g6 55. Nh4 Qf7 56. Nf3 Kg7 57. Nh2 h5 58. h4 Nf8 59. Bh3 Nh7 60. Kg2
Qf8 61. Nf3 Qf7 62. Qe2 Qe7 63. Kg1 Qd8 64. Bg2 Rf7 65. Qe3 Rf6 66. Kf2 Rf7 67.
Ke2 Rc7 68. Kd1 Qc8 1/2-1/2

[Event "Guernsey Open"]
[Site "Guernsey GCI"]
[Date "2008.10.25"]
[Round "?.7"]
[White "Bridel, Jon R"]
[Black "Fassaert, DJM."]
[Result "1/2-1/2"]
[WhiteElo "1482"]
[BlackElo "2002"]
[PlyCount "57"]
[EventDate "2008.10.19"]
[SourceDate "2006.10.28"]

1. b3 e5 2. Bb2 Nc6 3. e3 Nf6 4. Bb5 d6 5. d4 exd4 6. Bxd4 Bd7 7. Bxc6 Bxc6 8.
Nf3 Be7 9. c4 O-O 10. O-O Qd7 11. Nbd2 b6 12. Qc2 Qg4 13. h3 Qg6 14. Qxg6 hxg6
15. Ng5 Rfe8 16. Rfe1 d5 17. Rac1 Rac8 18. cxd5 Bxd5 19. Nc4 Ne4 20. Nxe4 Bxe4
21. f3 Bf5 22. e4 Be6 23. Ne5 c5 24. Bf2 Bf6 25. Nc4 Red8 26. Red1 Bxc4 27.
bxc4 Bb2 28. Rb1 Bd4 29. Rbc1 1/2-1/2

[Event "Guernsey Open"]
[Site "Guernsey GCI"]
[Date "2008.10.25"]
[Round "?.7"]
[White "Glover, John"]
[Black "Heath, Jeffrey"]
[Result "1/2-1/2"]
[WhiteElo "1888"]
[BlackElo "1925"]
[PlyCount "65"]
[EventDate "2008.10.19"]
[SourceDate "2006.10.28"]

1. Nf3 c5 2. c4 Nf6 3. g3 g6 4. Bg2 Bg7 5. O-O O-O 6. Nc3 a6 7. d4 d6 8. d5 Bd7
9. a4 a5 10. h3 Na6 11. e4 Qc7 12. Re1 Ne8 13. Be3 f5 14. exf5 Bxf5 15. g4 Bc8
16. Qd2 Nf6 17. Rad1 Bd7 18. b3 Rae8 19. Bh6 Qd8 20. Bxg7 Kxg7 21. Ng5 Nc7 22.
Nb5 Bxb5 23. axb5 b6 24. Qb2 Kg8 25. Rd3 Nd7 26. Rg3 Rf6 27. Rf3 Ne5 28. Rxf6
exf6 29. Ne6 Nxe6 30. dxe6 Nd3 31. Qe2 Nxe1 32. Qxe1 Qe7 33. Bd5 1/2-1/2